Bohaterowie ,,Lalki" - nagła śmierć - Statystyki

Ogólne statystyki
  • Ten quiz został rozwiązany 139 razy
  • Średni wynik to 10 z 16
Answers on the Grid
Answers color-coded by a green-red scale on the quiz's grid according to % correct below.
Stanisław Wokulski
Izabela Łęcka
Tomasz Łęcki
Ignacy Rzecki
Julian Ochocki
Geist
Węgiełek
Marianna
Helena Stawska
Baronowa Krzeszowska
Prezesowa Zasławska
Wdowa Wąsowska
Kazimierz Starski
Szuman
Suzin
Szlangbaum
Oleńka Billewiczówna
Michał Wołodyjowski
Jacek Soplica
Rodion Raskolnikow
Maciej Boryna
Stefan Wokulski
Aleksander Głowacki
Kirkor
 
Statystyki odpowiedzi
Odpowiedź % Poprawnych
Izabela Łęcka
87%
Ignacy Rzecki
86%
Stanisław Wokulski
83%
Tomasz Łęcki
77%
Helena Stawska
73%
Baronowa Krzeszowska
66%
Prezesowa Zasławska
66%
Kazimierz Starski
65%
Julian Ochocki
62%
Marianna
55%
Wdowa Wąsowska
55%
Geist
53%
Szlangbaum
52%
Szuman
52%
Węgiełek
47%
Suzin
43%
Nie znaleziono quizów pasujących do podanych kryteriów
Rozkład punktacji
Procent ludzi z każdym wynikiem
Percentyl według liczby udzielonych odpowiedzi
Twoja historia wyników
Nie rozwiązałeś tego quizu